000 00702nam a2200205Ia 4500
003 GCL
005 20240530102331.0
008 140319s9999 xx 000 0 ara d
040 _aGCL /
_cGCL
082 0 4 _a953.078
_bر ا
100 1 _aرجب محمد عبد الحليم
245 1 0 _aانتشار الاسلام بين المغول /
_cتاليف رجب محمد عبد الحليم
260 _a[S.N] :
_bدار النهضة العربية ،
_c1986
300 _a288 ص؛
_c24 سم
650 0 4 _aالتاريخ الاسلامى
650 0 4 _aانتشار الاسلام
650 0 4 _aالمغول والتتار
650 0 4 _aانتشار الاسلام
_xالمغول
942 _2ddc
_cBK
999 _c31501
_d31501